000 00343nam a2200109Ia 4500
008 171204s9999 xx 000 0 und d
245 4 _aThe Neuropsychopathology of Schizophrenia:
245 _cMing Li and William D. Spaulding
260 _c2016
650 _xADVANCED PSYCHOPATHOLOGY
856 _uhttp://down.ebook777.com/040/9783319305943.pdf
999 _c346880
_d346880